000
00300nam a2200109Ia 4500
008
231129s2014||||xx |||||||||||||| ||spa||
082
_a
DVD000010 791.346 P241p
245
0
_a
11 películas de detectives y misterios [película]
260
_c
2014
264
_a
Bogotá: Yoyo music
942
_2
ddc
_c
BKS
999
_c
4185
_d
4185